Se llama Jesús: Religión católica. Educación Media 1 Medio

שמור ב:
מידע ביבליוגרפי
Main Authors: Cortés Soriano, Javier (Author), Cortés, Miguel Angel (Author), Castaño, Gaspar (Author), Forcada González, Samuel (Author)
פורמט: ספר
שפה:ספרדית
יצא לאור: Santiago SM 2010
נושאים:
תגים: הוספת תג
אין תגיות, היה/י הראשונ/ה לתייג את הרשומה!

MARC

LEADER 00000cam a2200000 a 4500
001 UCF8886
003 CL-VaPUC
008 131011e20100000cl |||||||||||||||||spa|d
020 |a 9789563492927 
082 0 4 |a 268.0712  |b COR  |2 21 
100 0 |a Cortés Soriano, Javier  |e author  |9 570999 
700 0 |a Cortés, Miguel Angel  |e author  |9 571000 
700 0 |a Castaño, Gaspar  |e author  |9 571001 
700 0 |a Forcada González, Samuel  |e author  |9 571002 
245 1 0 |a Se llama Jesús: Religión católica. Educación Media 1 Medio 
300 |a 143 p 
942 |c BK 
945 |d 20131011 10:45:00  |a dcastane 
260 |a Santiago  |b SM  |c 2010 
650 0 |a Educación religiosa   |9 308312 
650 0 |a Métodos de enseñanza  |9 270413 
583 |a last modification  |c 20131011 10:45:00  |k Rodrigo Vera 
999 |c 353399  |d 353397 
952 |0 0  |1 2  |3 erb  |4 0  |6 268_071200000000000_COR_2010  |7 0  |8 A  |9 458582  |a BIBTEO  |b BIBTEO  |d 2019-11-23  |i 5015898  |o 268.0712 COR 2010  |p 5015898  |r 2019-11-23  |w 2019-11-23  |y BK  |z Catalogado en:20131011  |k ICR 
952 |0 0  |1 0  |3 erb  |4 0  |6 268_071200000000000_COR_2010  |7 0  |8 A  |9 458583  |a BIBTEO  |b BIBTEO  |d 2019-11-23  |i 5015901  |l 3  |o 268.0712 COR 2010  |p 5015901  |r 2025-01-17  |s 2020-07-30  |w 2019-11-23  |y BK  |z Catalogado en:20131011  |k ICR 
952 |0 0  |1 0  |3 erb  |4 0  |6 268_071200000000000_COR_2010  |7 0  |8 A  |9 458584  |a BIBTEO  |b BIBTEO  |d 2019-11-23  |i 501591K  |o 268.0712 COR 2010  |p 501591K  |r 2025-01-17  |w 2019-11-23  |y BK  |z Catalogado en:20131011  |k ICR